000
00225nam a2200097Ia 4500
005
20251222114355.0
008
251222s1900||||xx |||||||||||||| ||spa||
082
_a
DVD0050/M87/2009
245
0
_a
Identidad sustituta:
942
_c
DVD
999
_c
1412
_d
1412